El alavés fray Fermín Francisco de Lasuen, O.F.M., 1736-1803 : fundador de misiones en California /
Biografía del franciscano español Fermín Francisco de Lasuen, quien participó en la fundación de misiones en la región de California, y llegó a ser el Segundo Presidente de éstas. Fue considerado la persona más idónea para continuar la labor misionera de Fray Junípero Serra.
Guardado en:
| Hovedforfatter: | |
|---|---|
| Format: | Bog |
| Sprog: | spansk |
| Fag: | |
| Tags: |
Ingen Tags, Vær først til at tagge denne postø!
|
MARC
| LEADER | 00000nam^a2200000^a^4500 | ||
|---|---|---|---|
| 001 | 000102625 | ||
| 005 | 20250521000000.0 | ||
| 009 | 20260310093319.528 | ||
| 037 | |a Acervo ITESO - Biblioteca | ||
| 041 | |a ESP | ||
| 082 | |a 972. 203 |b LAM | ||
| 100 | |a Lamadrid Jiménez, Lázaro |e (autor) | ||
| 245 | 1 | 3 | |a El alavés fray Fermín Francisco de Lasuen, O.F.M., 1736-1803 : |b fundador de misiones en California / |c L. Lamadrid Jiménez. |
| 264 | |a Alava, España : |b Diputación Foral de Alava, Consejo de Cultura, |c 1963 | ||
| 300 | |a 2 v. | ||
| 336 | |a texto |b txt |2 rdacontenido | ||
| 337 | |a sin mediación |b n |2 rdamedio | ||
| 338 | |a volumen |b nc |2 rdasoporte | ||
| 520 | |a Biografía del franciscano español Fermín Francisco de Lasuen, quien participó en la fundación de misiones en la región de California, y llegó a ser el Segundo Presidente de éstas. Fue considerado la persona más idónea para continuar la labor misionera de Fray Junípero Serra. | ||
| 649 | |a XX | ||
| 650 | |a Franciscanos - |x Biografías | ||
| 650 | |a Evangelizadores Españoles - |x Biografías | ||
| 650 | |a Religiosos Españoles - |x Biografías | ||
| 650 | |a Franciscanos en México - |x Historia | ||
| 650 | |a Franciscanos en California, EUA - |x Historia | ||
| 650 | |a Monasticismo y Ordenes Religiosas - |z México - |x Historia | ||
| 650 | |a Iglesia Católica en México - |x Historia | ||
| 650 | |a Misiones - |z México - |x Historia | ||
| 650 | |a Evangelización - |z México - |x Historia | ||
| 650 | |a México - |x Historia - |y Virreinato, 1535-1821 | ||
| 650 | |a México - |x Historia - |y Epoca Colonial, 1517-1821 | ||
| 650 | |a California, EUA - |x Historia - |y Epoca Colonial, 1607-1783 | ||
| 650 | |a California, EUA - |x Historia - |y Confederación, 1783-1789 | ||
| 650 | |a California, EUA - |x Historia - |y Período Constitucional, 1789-1809 | ||
| 650 | |a Lasuén, Fermín Francisco de, Fray | ||
| 910 | |a Fondo Jesús Rodríguez | ||
| 920 | |a Impresos - Libros | ||
| 930 | |a Fondos Especiales | ||
| 905 | |a 113 | ||
| 901 | |a 0500048119 |b IT2 |c ESP |u 20250521 | ||
| 901 | |a 0500040169 |b IT2 |c ESP |u 20250521 | ||
| 902 | |a https://opac.biblio.iteso.mx/vufind/Record/000102625 | ||